Statistiques concernant Culture Cinématographique - Série 16

Cliquez ici pour prendre le quiz!

Statistiques générales

  • Ce quiz a été pris 91 fois
  • Le résultat moyen est 6 sur 10

Statistiques - réponses

QuestionRéponse% Correct
Dans "Troie" réalisé en 2004 par Wolfgang Petersen, qui est "Achille" ?Brad Pitt
85%
Dans "César et Rosalie" réalisé en 1972 par Claude Sautet, qui est "Rosalie" ?Romy Schneider
66%
Dans "Danton" réalisé en 1982 par Andrzej Wajda, qui est "Danton" ?Gérard Depardieu
65%
Dans "Papy fait de la résistance" réalisé en 1983 par Jean-Marie Poiré, qui est "Adolfo Ramirez" ?Gérard Jugnot
65%
Dans les films de la saga "Angélique" réalisés de 1964 à 1968 par Bernard Borderie, qui est "Angélique" ?Michèle Mercier
60%
Dans "Gladiator" réalisé en 2000 par Ridley Scott, qui est "Général Maximus" ?Russell Crowe
60%
Dans les films de la saga "Angélique" réalisés de 1964 à 1968 par Bernard Borderie, qui est "Jeoffrey de Peyrac" ?Robert Hossein
54%
Dans "Papy fait de la résistance" réalisé en 1983 par Jean-Marie Poiré, qui est "Marechal von Apfelstrude" ?Jacques Villeret
45%
Dans "Papy fait de la résistance" réalisé en 1983 par Jean-Marie Poiré, qui est "Héléna Bourdelle" ?Jacqueline Maillan
42%
Dans "Le train sifflera 3 fois" réalisé en 1952 par Fred Zinnemann, qui est "Amy Kane" ?Grace Kelly
24%

Distribution des résultats

Percentile par nombre de réponses

% des personnes avec chaque résultat

Votre développement - résultats

Vous n’avez pas pris ce quiz